| 000 | 00632nam a2200193Ia 4500 | ||
|---|---|---|---|
| 003 | IN-BaIIA | ||
| 008 | 211028s9999 xx 000 0 eng d | ||
| 020 | _a978-3-540-65989-1 | ||
| 040 | _cIIA Library | ||
| 080 |
_a535 _bQUA |
||
| 245 | 0 |
_aQuantum squeezing _cedited by P. D. Drummond and Z. Ficek |
|
| 260 |
_aBerlin _bSpringer-Verlag _c2004 |
||
| 300 | _axiv, 370p. | ||
| 490 | _aSpringer series on atomic, optical, and plasma physics; 27 | ||
| 650 |
_aQuantum squeezing _928767 |
||
| 650 |
_aSqueezed light: Spectroscopy _928768 |
||
| 700 |
_aFicek, Z., ed. _928769 |
||
| 942 | _cBK | ||
| 999 |
_c15606 _d15606 |
||